00250nam a2200109Ia 4500008004100000100001200041245002200053250000800075260003100083300000800114650001800122191201s2011 xx 000 0 und d aLUCENTS 0aGeneral knowledge a3rd aN. delhibLucent Pubc2011 a662 aGeneral Books